Study of serum uric acid and lipid profile in patients with type 2 diabetes mellitus attending tertiary care hospital.
EXECUTIVE SUMMARY:NA.
Saved in:
| Main Author: | |
|---|---|
| Format: | Book |
| Language: | English |
| Published: |
c2021.
|
| Subjects: | |
| Online Access: | Visit NHRC Library |
| Tags: |
Add Tag
No Tags, Be the first to tag this record!
|
| LEADER | 00841nam a22002297a 4500 | ||
|---|---|---|---|
| 003 | OSt | ||
| 005 | 20220906184724.0 | ||
| 008 | 220725b ||||| |||| 00| 0 eng d | ||
| 952 | |0 0 |1 0 |2 NLM |4 0 |6 RES_01095_MAL_2021_000000000000000 |7 0 |9 3370 |a NHRC |b NHRC |c REF |d 2022-07-25 |l 0 |o RES-01095/MAL/2021 |p RES-01095 |r 2022-07-25 |w 2022-07-25 |y RR | ||
| 999 | |c 3135 |d 3135 | ||
| 060 | |a RES-01095 | ||
| 100 | |a Malla,Pragya. |9 4781 | ||
| 245 | |a Study of serum uric acid and lipid profile in patients with type 2 diabetes mellitus attending tertiary care hospital. | ||
| 260 | |c c2021. | ||
| 300 | |a 16p. | ||
| 500 | |a Research Report. | ||
| 520 | |a EXECUTIVE SUMMARY:NA. | ||
| 650 | |a Serum uric acid. |9 2869 | ||
| 650 | |a Lipid profile. |9 2235 | ||
| 650 | |a Type 2 diabetes mellitus. |9 1921 | ||
| 856 | |u http://nhrc.gov.np/contact/ |y Visit NHRC Library | ||
| 942 | |2 NLM |c RR | ||